000 00655cam a22002533a 4500
001 31961
003 PGUSA
005 20140828083707.0
008 100412s2010||||xxu|||||s|||||000 1 eng d
040 _aPGUSA
_beng
042 _adc
050 4 _aPS
100 1 _aMeadows, Mark
245 1 0 _aJoy Ride
_h[electronic resource] /
_cMark Meadows
260 _bProject Gutenberg,
_c2010
506 _aPublic domain in the USA.
516 _aElectronic text
653 _aShort stories
653 _aScience fiction
700 1 _aFrancis, Dick
830 0 _aProject Gutenberg
_v31961
856 4 0 _uhttp://www.gutenberg.org/ebooks/31961
942 _cEB
999 _c261216
_d261216